|
|
|
|
| LEADER |
00000ny a22000003n 4500 |
| 005 |
20110511123940.0 |
| 008 |
990818c19uu9999us qr p 000 b0eng d |
| 022 |
|
|
|a 1523-0406
|
| 022 |
|
|
|a 1545-0465
|
| 035 |
|
|
|a 2959
|
| 040 |
|
|
|a BUAL
|d vLex
|
| 090 |
|
|
|c 1657
|d 1657
|
| 245 |
3 |
0 |
|a Cartography and geographic information science
|h [Recurso electrn̤ico]
|
| 256 |
|
|
|a Servicio en ln̕ea
|
| 260 |
|
|
|a Bethesda, Maryland :
|b ACSM
|
| 310 |
|
|
|a Trimestral
|
| 506 |
1 |
|
|a Contenido solo disponible en los productos indicados
|d vLex Global
|d vLex Global (Academic Edition, excluding Law Schools)
|d vLex Global (Academic Edition, Law Schools)
|
| 650 |
0 |
4 |
|a Cartografia
|x Publicaciones perid̤icas
|
| 650 |
0 |
4 |
|a Sistemas de informacin̤ geogrf̀ica
|x Publicaciones perid̤icas
|
| 740 |
0 |
|
|a vLex Revista (Servicios en ln̕ea)
|
| 780 |
0 |
0 |
|t Cartography and geographic information systems,
|x 1050-9844
|
| 843 |
|
|
|a Electrn̤ica. Abierta
|
| 853 |
|
|
|8 1
|i (year)
|j (month)
|k (day)
|
| 856 |
4 |
0 |
|z Acceso restringido
|u http://vlex.com/account/login_ip?fuente_id=2959
|
| 942 |
|
|
|c REV
|
| 999 |
|
4 |
|a Cartografa̕.
|
| 999 |
|
4 |
|a Sistemas de informacin̤ geogrf̀ica.
|